000 00389nam a22001457a 4500
999 _c12027
_d12027
008 210118b ||||| |||| 00| 0 eng d
082 0 0 _a623.87236
_bP8767
100 _9803
_aPounder, C. C.
245 1 0 _aMarine diesel engines
_cBy C. C. Pounder
260 _aLondon
_bGeorge Newnes Ltd.
_c1952
300 _aix,434 p.
365 _d72.00
650 0 _aMarine Diesel Motors
942 _cBK